[Event "43. Zurich Weihnachtsopen 2019"]
[Site "Zurich/SUI"]
[Date "2019.12.29"]
[Round "5.1"]
[White "Kunin, Vitaly"]
[Black "Lagarde, Maxime"]
[Result "1/2-1/2"]
[WhiteElo "2538"]
[BlackElo "2655"]
[Annotator "ChessBase"]
[PlyCount "67"]
[EventDate "2019.12.26"]
[EventType "swiss"]
[SourceTitle "playchess.com"]
[Source "ChessBase"]
[SourceQuality "1"]
[TimeControl "40/5400+30:1800+30"]

1. d4 {[%emt 0:00:00]} f5 {[%emt 0:00:42]} 2. Nc3 {[%emt 0:00:00]} Nf6 {[%emt 0:00:02]} 3. Bg5 {[%emt 0:00:15]} d5 {[%emt 0:00:04]} 4. f3 {[%emt 0:00:35]} c5 {[%emt 0:00:16]} 5. e4 {[%emt 0:01:20]} Nc6 {[%emt 0:08:02]} 6. Nge2 {[%emt 0:01:51]} fxe4 {[%emt 0:14:14]} 7. fxe4 {[%emt 0:00:59]} Bg4 {[%emt 0:00:40]} 8. Bxf6 {[%emt 0:06:47]} exf6 {[%emt 0:01:01]} 9. exd5 {[%emt 0:10:44]} cxd4 {[%emt 0:03:23]} 10. dxc6 {[%emt 0:02:20]} dxc3 {[%emt 0:00:10]} 11. cxb7 {[%emt 0:11:43]} Qxd1+ {[%emt 0:04:17]} 12. Rxd1 {[%emt 0:00:23]} Rb8 {[%emt 0:00:04]} 13. h3 {[%emt 0:02:17]} Bxe2 {[%emt 0:00:46]} 14. Bxe2 {[%emt 0:00:10]} Rxb7 {[%emt 0:00:17]} 15. bxc3 {[%emt 0:00:21]} Bc5 {[%emt 0:00:36]} 16. Bc4 {[%emt 0:01:19]} Ke7 {[%emt 0:03:11]} 17. Ke2 {[%emt 0:00:58]} Rc7 {[%emt 0:02:27]} 18. Bd5 {[%emt 0:02:02]} Rb8 {[%emt 0:01:06]} 19. Rhe1 {[%emt 0:07:44]} Bd6 {[%emt 0:00:57]} 20. Rd3 {[%emt 0:06:20]} Be5 {[%emt 0:06:03]} 21. Kd2 {[%emt 0:01:39]} Rb5 {[%emt 0:02:27]} 22. Re4 {[%emt 0:03:48]} Rb1 {[%emt 0:02:44]} 23. Rb4 {[%emt 0:03:33]} Rf1 {[%emt 0:07:51]} 24. c4 {[%emt 0:08:35]} Rf2+ {[%emt 0:02:02]} 25. Kd1 {[%emt 0:00:10]} Rf1+ {[%emt 0:02:30]} 26. Kd2 {[%emt 0:00:07]} Rf2+ {[%emt 0:00:17]} 27. Kd1 {[%emt 0:00:06]} Rf1+ {[%emt 0:00:03]} 28. Ke2 {[%emt 0:00:21]} Rc1 {[%emt 0:00:28]} 29. Ra3 {[%emt 0:04:55]} Rxc2+ {[%emt 0:05:10]} 30. Kd3 {[%emt 0:00:10]} Bd6 {[%emt 0:02:49]} 31. Kxc2 {[%emt 0:01:14]} Bxb4 {[%emt 0:00:03]} 32. Re3+ {[%emt 0:00:13]} Kd8 {[%emt 0:02:32]} 33. Re6 {[%emt 0:04:09]} Re7 {[%emt 0:00:26]} 34. Kd3 {[%emt 0:00:29]} 1/2-1/2

[Event "43. Zurich Weihnachtsopen 2019"]
[Site "Zurich/SUI"]
[Date "2019.12.29"]
[Round "5.2"]
[White "Martirosyan, Haik M."]
[Black "Henderson de La Fuente, Lance"]
[Result "1-0"]
[WhiteElo "2613"]
[BlackElo "2492"]
[Annotator "ChessBase"]
[PlyCount "121"]
[EventDate "2019.12.26"]
[EventType "swiss"]
[SourceTitle "playchess.com"]
[Source "ChessBase"]
[SourceQuality "1"]
[TimeControl "40/5400+30:1800+30"]

1. e4 {[%emt 0:00:00]} e5 {[%emt 0:00:10]} 2. Nf3 {[%emt 0:00:00]} Nc6 {[%emt 0:00:07]} 3. Bb5 {[%emt 0:03:09]} Nf6 {[%emt 0:00:42]} 4. O-O {[%emt 0:03:18]} Nxe4 {[%emt 0:00:15]} 5. Qe2 {[%emt 0:01:55]} Nd6 {[%emt 0:02:16]} 6. Bxc6 {[%emt 0:00:07]} dxc6 {[%emt 0:00:18]} 7. Qxe5+ {[%emt 0:00:06]} Qe7 {[%emt 0:00:51]} 8. Qa5 {[%emt 0:00:11]} Qd8 {[%emt 0:01:40]} 9. Qc3 {[%emt 0:01:38]} Qf6 {[%emt 0:14:57]} 10. Re1+ {[%emt 0:01:15]} Be6 {[%emt 0:00:22]} 11. Nd4 {[%emt 0:04:40]} Kd7 {[%emt 0:03:20]} 12. Nxe6 {[%emt 0:02:12]} fxe6 {[%emt 0:00:05]} 13. d4 {[%emt 0:04:19]} Nf5 {[%emt 0:10:00]} 14. Bf4 {[%emt 0:05:20]} Bd6 {[%emt 0:04:26]} 15. Be5 {[%emt 0:00:31]} Qg6 {[%emt 0:06:46]} 16. Nd2 {[%emt 0:00:39]} Rad8 {[%emt 0:01:06]} 17. Nf3 {[%emt 0:05:29]} Kc8 {[%emt 0:01:19]} 18. Qc4 {[%emt 0:08:59]} Rhe8 {[%emt 0:04:39]} 19. c3 {[%emt 0:00:38]} Qh6 {[%emt 0:05:15]} 20. Re4 {[%emt 0:03:16]} g5 {[%emt 0:02:30]} 21. Rae1 {[%emt 0:02:16]} Qg6 {[%emt 0:03:52]} 22. Qe2 {[%emt 0:03:45]} g4 {[%emt 0:06:00]} 23. Nd2 {[%emt 0:00:21]} Bxe5 24. Rxe5 {[%emt 0:00:36]} Ng7 {[%emt 0:02:20]} 25. Nc4 {[%emt 0:04:01]} h5 {[%emt 0:01:45]} 26. Ra5 {[%emt 0:02:17]} Kb8 {[%emt 0:01:10]} 27. Ne5 {[%emt 0:00:27]} Qf6 {[%emt 0:00:11]} 28. Qc4 {[%emt 0:02:41]} Rf8 {[%emt 0:00:47]} 29. Rf1 {[%emt 0:00:52]} Rd6 {[%emt 0:04:21]} 30. Ra3 {[%emt 0:04:00]} Ka8 {[%emt 0:03:07]} 31. Qa4 {[%emt 0:02:55]} a6 {[%emt 0:00:07]} 32. Nd3 {[%emt 0:02:00]} c5 {[%emt 0:05:50]} 33. Nxc5 {[%emt 0:00:35]} Qf5 {[%emt 0:00:55]} 34. Rb3 {[%emt 0:01:12]} Rb8 {[%emt 0:00:27]} 35. Nd7 {[%emt 0:05:49]} Rd8 {[%emt 0:01:37]} 36. Qb4 {[%emt 0:00:48]} b6 {[%emt 0:02:37]} 37. Ne5 {[%emt 0:00:21]} h4 {[%emt 0:00:53]} 38. Qc4 {[%emt 0:01:16]} Kb7 {[%emt 0:00:15]} 39. Qe2 {[%emt 0:00:57]} h3 {[%emt 0:00:39]} 40. g3 {[%emt 0:01:13]} Rd5 {[%emt 0:02:42]} 41. Nxg4 {[%emt 0:31:53]} Qh5 {[%emt 0:32:01]} 42. Qe4 {[%emt 0:01:52]} Qf5 {[%emt 0:00:12]} 43. f3 {[%emt 0:01:14]} Ne8 {[%emt 0:01:00]} 44. Ne3 {[%emt 0:06:18]} Qxe4 {[%emt 0:00:14]} 45. fxe4 {[%emt 0:00:06]} Ra5 {[%emt 0:01:27]} 46. a3 {[%emt 0:00:28]} Rg5 {[%emt 0:01:58]} 47. e5 {[%emt 0:01:10]} Rg7 {[%emt 0:01:57]} 48. a4 {[%emt 0:00:35]} Rgd7 {[%emt 0:00:22]} 49. Ra3 {[%emt 0:01:03]} c5 {[%emt 0:00:05]} 50. dxc5 {[%emt 0:04:02]} Rd2 {[%emt 0:00:41]} 51. Rb3 {[%emt 0:01:07]} R8d3 {[%emt 0:00:41]} 52. Rxb6+ {[%emt 0:00:24]} Kc8 {[%emt 0:00:01]} 53. Ng4 {[%emt 0:01:04]} Rg2+ {[%emt 0:00:22]} 54. Kh1 {[%emt 0:00:05]} Nc7 {[%emt 0:01:01]} 55. c6 {[%emt 0:02:59]} Re2 {[%emt 0:01:07]} 56. Rb4 {[%emt 0:05:26]} Nd5 {[%emt 0:00:31]} 57. Rd4 {[%emt 0:00:45]} Rxd4 {[%emt 0:00:54]} 58. cxd4 {[%emt 0:00:02]} Rxb2 {[%emt 0:00:32]} 59. Nf6 {[%emt 0:00:00]} Ne3 {[%emt 0:00:00]} 60. Rc1 {[%emt 0:00:00]} Nc2 61. d5 {[%emt 0:00:00]} 1-0

[Event "43. Zurich Weihnachtsopen 2019"]
[Site "Zurich/SUI"]
[Date "2019.12.29"]
[Round "5.3"]
[White "Grover, Sahaj"]
[Black "Unuk, Laura"]
[Result "1/2-1/2"]
[WhiteElo "2508"]
[BlackElo "2305"]
[Annotator "ChessBase"]
[PlyCount "40"]
[EventDate "2019.12.26"]
[EventType "swiss"]
[SourceTitle "playchess.com"]
[Source "ChessBase"]
[SourceQuality "1"]
[TimeControl "40/5400+30:1800+30"]

1. Nf3 {[%emt 0:00:03]} Nf6 {[%emt 0:00:57]} 2. g3 {[%emt 0:00:43]} d5 {[%emt 0:00:44]} 3. Bg2 {[%emt 0:00:07]} c6 {[%emt 0:00:21]} 4. O-O {[%emt 0:00:14]} Bg4 {[%emt 0:00:22]} 5. d3 {[%emt 0:01:33]} Nbd7 {[%emt 0:01:06]} 6. h3 {[%emt 0:02:02]} Bh5 {[%emt 0:03:08]} 7. Qe1 {[%emt 0:00:34]} e5 {[%emt 0:02:41]} 8. e4 {[%emt 0:00:39]} dxe4 {[%emt 0:05:57]} 9. dxe4 {[%emt 0:00:19]} Bxf3 {[%emt 0:00:38]} 10. Bxf3 {[%emt 0:00:07]} Bc5 {[%emt 0:00:05]} 11. b4 {[%emt 0:01:08]} Bd6 {[%emt 0:08:42]} 12. Na3 {[%emt 0:16:53]} Qe7 {[%emt 0:07:15]} 13. c3 {[%emt 0:00:29]} b5 {[%emt 0:01:14]} 14. Nc2 {[%emt 0:01:37]} Nb6 {[%emt 0:12:03]} 15. Ne3 {[%emt 0:02:00]} g6 {[%emt 0:01:03]} 16. Kg2 {[%emt 0:10:55]} Nfd7 {[%emt 0:10:21]} 17. Bd1 {[%emt 0:02:10]} Nf8 {[%emt 0:01:47]} 18. a4 {[%emt 0:00:44]} a6 {[%emt 0:10:32]} 19. axb5 axb5 {[%emt 0:01:45]} 20. Rxa8+ {[%emt 0:04:48]} Nxa8 {[%emt 0:00:04]} 1/2-1/2

[Event "43. Zurich Weihnachtsopen 2019"]
[Site "Zurich/SUI"]
[Date "2019.12.29"]
[Round "5.4"]
[White "Maki-Uuro, Miikka"]
[Black "Svane, Rasmus"]
[Result "1/2-1/2"]
[WhiteElo "2331"]
[BlackElo "2597"]
[Annotator "ChessBase"]
[PlyCount "88"]
[EventDate "2019.12.26"]
[EventType "swiss"]
[SourceTitle "playchess.com"]
[Source "ChessBase"]
[SourceQuality "1"]
[TimeControl "40/5400+30:1800+30"]

1. Nf3 {[%emt 0:00:00]} d5 {[%emt 0:00:58]} 2. d4 {[%emt 0:00:29]} Nf6 {[%emt 0:00:43]} 3. c4 {[%emt 0:00:08]} e6 {[%emt 0:00:05]} 4. Nc3 {[%emt 0:00:14]} dxc4 {[%emt 0:01:15]} 5. e4 {[%emt 0:01:11]} b5 {[%emt 0:00:11]} 6. e5 {[%emt 0:00:34]} Nd5 {[%emt 0:00:03]} 7. Nxb5 {[%emt 0:00:31]} Nb6 {[%emt 0:00:06]} 8. Be2 {[%emt 0:01:01]} Nc6 {[%emt 0:00:18]} 9. O-O {[%emt 0:00:58]} Be7 {[%emt 0:00:04]} 10. Be3 {[%emt 0:01:18]} O-O {[%emt 0:00:07]} 11. Nc3 {[%emt 0:01:24]} Rb8 {[%emt 0:02:38]} 12. Na4 {[%emt 0:39:28]} Ba6 {[%emt 0:17:06]} 13. Rc1 {[%emt 0:02:06]} Nxa4 {[%emt 0:14:19]} 14. Qxa4 {[%emt 0:00:14]} Bb5 {[%emt 0:00:27]} 15. Qc2 {[%emt 0:15:32]} Nb4 {[%emt 0:00:56]} 16. Qe4 {[%emt 0:01:38]} Qd5 {[%emt 0:23:17]} 17. Qg4 {[%emt 0:00:37]} f5 {[%emt 0:16:54]} 18. exf6 {[%emt 0:01:59]} Bxf6 {[%emt 0:00:09]} 19. Ne5 {[%emt 0:07:15]} Nd3 {[%emt 0:03:29]} 20. Bf3 {[%emt 0:12:46]} Nxe5 {[%emt 0:03:03]} 21. Bxd5 {[%emt 0:00:10]} Nxg4 {[%emt 0:00:04]} 22. Bxe6+ {[%emt 0:00:03]} Kh8 {[%emt 0:00:14]} 23. Bxg4 {[%emt 0:00:07]} c3 {[%emt 0:00:05]} 24. Rfd1 {[%emt 0:00:06]} cxb2 {[%emt 0:00:13]} 25. Rb1 {[%emt 0:00:08]} Bc4 {[%emt 0:04:44]} 26. Rd2 {[%emt 0:00:34]} c5 {[%emt 0:01:13]} 27. Rdxb2 {[%emt 0:00:22]} Rxb2 {[%emt 0:00:09]} 28. Rxb2 {[%emt 0:00:03]} cxd4 {[%emt 0:00:13]} 29. Rb4 {[%emt 0:00:48]} Bxa2 {[%emt 0:05:52]} 30. Bxd4 {[%emt 0:00:54]} a5 {[%emt 0:00:17]} 31. Rb2 {[%emt 0:00:28]} Bxd4 {[%emt 0:03:37]} 32. Rxa2 {[%emt 0:00:07]} Bb6 {[%emt 0:00:14]} 33. Rc2 {[%emt 0:01:45]} a4 {[%emt 0:00:48]} 34. Rc8 {[%emt 0:00:17]} Bxf2+ {[%emt 0:00:17]} 35. Kf1 {[%emt 0:00:09]} Rxc8 {[%emt 0:00:06]} 36. Bxc8 {[%emt 0:00:05]} a3 {[%emt 0:00:06]} 37. Be6 {[%emt 0:00:04]} Bb6 {[%emt 0:00:06]} 38. Ke2 {[%emt 0:00:42]} g6 {[%emt 0:00:04]} 39. Kd3 {[%emt 0:01:20]} Kg7 {[%emt 0:00:04]} 40. Kc2 {[%emt 0:00:17]} Kf6 {[%emt 0:00:04]} 41. Bd5 {[%emt 0:30:20]} Ke5 {[%emt 0:30:04]} 42. Bb7 {[%emt 0:00:10]} Kd4 {[%emt 0:00:16]} 43. Kb3 {[%emt 0:00:10]} Bc5 {[%emt 0:00:03]} 44. h3 {[%emt 0:00:07]} g5 {[%emt 0:00:06]} 1/2-1/2

[Event "43. Zurich Weihnachtsopen 2019"]
[Site "Zurich/SUI"]
[Date "2019.12.29"]
[Round "5.5"]
[White "Wagner, Dennis"]
[Black "Fecker, Noah"]
[Result "1-0"]
[WhiteElo "2578"]
[BlackElo "2277"]
[Annotator "ChessBase"]
[PlyCount "35"]
[EventDate "2019.12.26"]
[EventType "swiss"]
[SourceTitle "playchess.com"]
[Source "ChessBase"]
[SourceQuality "1"]
[TimeControl "40/5400+30:1800+30"]

1. d4 {[%emt 0:00:00]} Nf6 {[%emt 0:00:00]} 2. c4 {[%emt 0:00:00]} g6 {[%emt 0:00:00]} 3. g3 {[%emt 0:00:00]} c6 {[%emt 0:00:13]} 4. Bg2 {[%emt 0:00:10]} d5 {[%emt 0:00:34]} 5. Nf3 {[%emt 0:00:11]} Bg7 {[%emt 0:00:14]} 6. Qb3 {[%emt 0:00:20]} Qb6 {[%emt 0:06:06]} 7. O-O {[%emt 0:00:09]} O-O {[%emt 0:00:13]} 8. Nc3 {[%emt 0:00:06]} Rd8 {[%emt 0:02:08]} 9. h3 {[%emt 0:00:10]} h6 {[%emt 0:17:49]} 10. Bd2 {[%emt 0:03:11]} Be6 {[%emt 0:02:58]} 11. c5 {[%emt 0:07:35]} Qxb3 {[%emt 0:03:30]} 12. axb3 {[%emt 0:00:02]} Ne4 {[%emt 0:02:41]} 13. Be3 {[%emt 0:08:37]} Nd7 {[%emt 0:15:09]} 14. b4 {[%emt 0:00:41]} a6 {[%emt 0:01:00]} 15. Ne1 {[%emt 0:11:39]} f5 {[%emt 0:03:29]} 16. Kh2 {[%emt 0:00:58]} Bf7 {[%emt 0:02:00]} 17. f3 {[%emt 0:01:43]} e5 {[%emt 0:15:31]} 18. fxe4 {[%emt 0:18:28]} 1-0

[Event "43. Zurich Weihnachtsopen 2019"]
[Site "Zurich/SUI"]
[Date "2019.12.29"]
[Round "5.6"]
[White "Pikula, Dejan"]
[Black "Paltrinieri, Nicholas"]
[Result "1-0"]
[WhiteElo "2444"]
[BlackElo "2332"]
[Annotator "NA"]
[PlyCount "143"]
[EventDate "2019.12.26"]
[EventType "swiss"]
[SourceTitle "playchess.com"]
[Source "ChessBase"]
[SourceQuality "1"]
[TimeControl "40/5400+30:1800+30"]

1. e4 {[%emt 0:00:00]} e6 {[%emt 0:00:00]} 2. d4 {[%emt 0:00:00]} d5 {[%emt 0:00:00]} 3. Nc3 {[%emt 0:00:00]} Bb4 {[%emt 0:00:00]} 4. e5 {[%emt 0:00:00]} c5 {[%emt 0:00:00]} 5. a3 {[%emt 0:00:00]} Bxc3+ {[%emt 0:00:00]} 6. bxc3 {[%emt 0:00:03]} Ne7 {[%emt 0:01:13]} 7. Qg4 {[%emt 0:00:41]} Qc7 {[%emt 0:00:28]} 8. Bd3 {[%emt 0:00:59]} cxd4 {[%emt 0:00:53]} 9. Ne2 {[%emt 0:00:32]} dxc3 {[%emt 0:00:05]} 10. Qxg7 {[%emt 0:00:31]} Rg8 {[%emt 0:00:04]} 11. Qxh7 {[%emt 0:00:05]} Qxe5 {[%emt 0:03:19]} 12. Bf4 {[%emt 0:03:37]} Qf6 $1 {[%emt 0:00:35]} 13. h4 {[%emt 0:06:13]} Nd7 {[%emt 0:00:05] C18: French: 3 Nc3 Bb4: Main line: 7 h4 and 7 Qg4} (13... Rxg2 14. Kf1 Rg8 15. Rg1 Rh8 16. Bg5 Rxh7 17. Bxf6 Rh6 18. Bg5 Rh8 19. Bf6 Rh6 20. Bg5 Rh8 21. Bf6 {½-½ (21) Leko,P (2728)-Shirov,A (2713) Saratov 2011}) 14. Bg5 {[%emt 0:02:41]} Qh8 {[%emt 0:00:05]} 15. Qxh8 {[%emt 0:02:01]} Rxh8 {[%emt 0:00:02]} 16. Nxc3 {[%emt 0:00:25]} a6 {[%emt 0:00:04]} 17. f3 {[%emt 0:04:01]} f6 {[%emt 0:00:37]} 18. Be3 $146 {[%emt 0:00:05]} ({Predecessor:} 18. Bd2 Nc5 19. Kf2 {1-0 (50) De Boer,E (2318)-Maatman,N (2354) Groningen 2018}) 18... Ne5 {[%emt 0:05:43]} 19. Be2 {[%emt 0:06:33]} Bd7 {[%emt 0:07:22]} 20. f4 {[%emt 0:03:39]} Nf7 {[%emt 0:14:22]} 21. O-O-O {[%emt 0:11:50]} Rc8 {[%emt 0:02:35]} 22. Kb2 {[%emt 0:01:50]} Nd6 {[%emt 0:03:40]} 23. g4 {[%emt 0:07:08]} Kf7 $11 {[%emt 0:04:42]} 24. h5 {[%emt 0:01:41]} Bb5 {[%emt 0:03:13]} 25. Nxb5 {[%emt 0:01:44]} axb5 {[%emt 0:00:03]} 26. Bd4 {[%emt 0:08:19]} Nc6 {[%emt 0:03:25]} 27. Rh3 {[%emt 0:07:04]} Na5 {[%emt 0:07:46]} 28. g5 {[%emt 0:03:55]} e5 {[%emt 0:01:17]} 29. fxe5 {[%emt 0:00:54]} Nac4+ {[%emt 0:00:23]} 30. Kc1 {[%emt 0:04:57]} fxe5 {[%emt 0:00:04]} 31. Bc3 {[%emt 0:06:15]} d4 {[%emt 0:23:38]} 32. Bb4 {[%emt 0:00:06]} Kg7 {[%emt 0:03:25]} 33. Bd3 {[%emt 0:00:28]} Rhd8 {[%emt 0:02:10]} 34. h6+ {[%emt 0:01:39]} Kh8 {[%emt 0:00:00]} 35. Re1 {[%emt 0:02:28]} e4 {[%emt 0:05:51]} 36. Bxe4 {[%emt 0:02:39]} Nxe4 {[%emt 0:03:40]} 37. Rxe4 {[%emt 0:00:06]} Ne3 {[%emt 0:00:06]} 38. Rhxe3 {[%emt 0:00:39]} dxe3 {[%emt 0:00:06]} 39. Rxe3 {[%emt 0:02:39]} Rc6 {[%emt 0:00:05]} 40. Kb2 {[%emt 0:00:32]} Rd7 {[%emt 0:00:35]} 41. Re5 {[%emt 0:36:07]} Rdc7 {[%emt 0:32:08]} 42. Kb3 {[%emt 0:00:43]} Kh7 {[%emt 0:00:12]} 43. c3 {[%emt 0:02:05]} Kg6 {[%emt 0:00:46]} 44. Rxb5 {[%emt 0:00:09]} Rf7 {[%emt 0:02:06]} 45. c4 {[%emt 0:02:13]} Re6 {[%emt 0:01:37]} 46. Bc3 {[%emt 0:00:21]} Re3 {[%emt 0:00:44]} 47. Kb4 {[%emt 0:00:13]} Rg3 {[%emt 0:00:28]} 48. Bf6 {[%emt 0:00:00]} Rd7 {[%emt 0:00:00]} 49. Rb6 {[%emt 0:00:00]} Kf5 {[%emt 0:00:00]} 50. Bg7 {[%emt 0:00:00]} Rh3 {[%emt 0:00:00]} 51. g6 {[%emt 0:00:00]} Rh1 {[%emt 0:00:00]} 52. Rf6+ {[%emt 0:00:00]} Kg5 {[%emt 0:00:00]} 53. Rf7 {[%emt 0:00:00]} Rd3 {[%emt 0:00:00]} 54. Ka4 {[%emt 0:00:00]} Kxg6 {[%emt 0:00:00]} 55. Rxb7 {[%emt 0:00:00]} Rhh3 {[%emt 0:00:00]} 56. Bf8 {[%emt 0:00:00]} Rdf3 {[%emt 0:00:00]} 57. Rb6+ {[%emt 0:00:00]} Kh7 {[%emt 0:00:00]} 58. Bb4 {[%emt 0:00:00]} Rxh6 {[%emt 0:00:00]} 59. Rxh6+ {[%emt 0:00:00]} Kxh6 {[%emt 0:00:00]} 60. c5 {[%emt 0:00:00]} Kg6 {[%emt 0:00:00]} 61. c6 {[%emt 0:00:00]} Rf1 {[%emt 0:00:00]} 62. Kb5 {[%emt 0:00:00]} Rc1 {[%emt 0:00:00]} 63. Bc5 {[%emt 0:00:00]} Rb1+ {[%emt 0:00:00]} 64. Kc4 {[%emt 0:00:00]} Rc1+ {[%emt 0:00:00]} 65. Kd5 {[%emt 0:00:00]} Rd1+ {[%emt 0:00:00]} 66. Kc4 {[%emt 0:00:00]} Rc1+ {[%emt 0:00:00]} 67. Kb5 {[%emt 0:00:00]} Rb1+ {[%emt 0:00:00]} 68. Ka6 {[%emt 0:00:00]} Rc1 {[%emt 0:00:00]} 69. Kb6 {[%emt 0:00:00]} Rb1+ {[%emt 0:00:00]} 70. Bb4 {[%emt 0:00:00]} Kf7 {[%emt 0:00:00]} 71. c7 {[%emt 0:00:00]} Rc1 {[%emt 0:00:00]} 72. Bc5 {[%emt 0:00:00]} 1-0

[Event "43. Zurich Weihnachtsopen 2019"]
[Site "Zurich/SUI"]
[Date "2019.12.29"]
[Round "5.7"]
[White "Colmenares, Aurelio"]
[Black "Srinath, Rao S.V."]
[Result "0-1"]
[WhiteElo "2305"]
[BlackElo "2397"]
[Annotator "NA"]
[PlyCount "110"]
[EventDate "2019.12.26"]
[EventType "swiss"]
[SourceTitle "playchess.com"]
[Source "ChessBase"]
[SourceQuality "1"]
[TimeControl "40/5400+30:1800+30"]

1. e4 {[%emt 0:00:00]} e6 {[%emt 0:00:00]} 2. d4 {[%emt 0:00:00]} d5 {[%emt 0:00:00]} 3. e5 {[%emt 0:00:00]} c5 {[%emt 0:00:15]} 4. c3 {[%emt 0:00:06]} Bd7 {[%emt 0:01:08]} 5. Nf3 {[%emt 0:00:10]} Qb6 {[%emt 0:00:13]} 6. Be2 {[%emt 0:09:24]} Nc6 {[%emt 0:08:55]} 7. O-O {[%emt 0:00:21]} Nh6 {[%emt 0:01:04]} 8. Na3 {[%emt 0:12:58]} cxd4 {[%emt 0:06:50]} 9. cxd4 {[%emt 0:00:06]} Nf5 {[%emt 0:00:27]} 10. Nc2 {[%emt 0:00:59]} Be7 {[%emt 0:00:37]} 11. b3 {[%emt 0:07:38]} h5 {[%emt 0:03:13] C02: French: Advance Variation} (11... Rc8 12. Rb1 Nb4 13. Nxb4 Qxb4 14. a4 Qb6 15. Kh1 Bb4 16. Bd3 a5 17. Be3 Rc3 18. g4 Nxe3 19. fxe3 {1-0 (32) Li,H (2369)-Zhang,P (2605) China 2010}) 12. Re1 $146 {[%emt 0:03:42]} ({Predecessor:} 12. Bb2 g5 13. Nfe1 g4 14. Kh1 f6 15. Bd3 O-O-O 16. Bxf5 exf5 17. Nd3 Rdg8 18. Nf4 Qd8 19. Ne3 {1-0 (35) Trukhin,D (1797)-Kyshtymov,D (1905) Irkutsk 2016}) 12... a5 {[%emt 0:03:27]} 13. Rb1 {[%emt 0:16:58]} Rc8 {[%emt 0:04:21]} 14. h3 {[%emt 0:06:09]} Na7 {[%emt 0:03:08]} 15. Bg5 {[%emt 0:05:54]} Bb5 {[%emt 0:04:01]} 16. Bxe7 {[%emt 0:02:27]} Kxe7 {[%emt 0:02:52]} 17. a4 {[%emt 0:03:34]} Bxe2 18. Rxe2 {[%emt 0:00:30]} Rc7 {[%emt 0:09:59]} 19. Qd2 {[%emt 0:01:37]} Rhc8 {[%emt 0:01:45]} 20. Qg5+ {[%emt 0:00:07]} Kf8 {[%emt 0:01:22]} 21. Rb2 {[%emt 0:03:16]} Rc3 {[%emt 0:06:33]} 22. Qxh5 {[%emt 0:05:49]} Rxb3 {[%emt 0:03:49]} 23. Rxb3 {[%emt 0:00:05]} Qxb3 {[%emt 0:00:05]} 24. Ne3 {[%emt 0:00:28]} Nh6 {[%emt 0:04:12]} 25. Ng4 {[%emt 0:01:47]} Qb1+ {[%emt 0:02:22]} 26. Kh2 {[%emt 0:01:55]} Qg6 {[%emt 0:05:31]} 27. Qxg6 {[%emt 0:00:39]} fxg6 {[%emt 0:00:05]} 28. Rb2 {[%emt 0:05:42]} Rc7 {[%emt 0:03:29]} 29. Ne3 {[%emt 0:02:37]} Nc8 {[%emt 0:03:37]} 30. g4 {[%emt 0:01:18]} b6 {[%emt 0:01:28]} 31. Kg3 {[%emt 0:03:30]} Ke7 {[%emt 0:01:30]} 32. Kf4 {[%emt 0:00:15]} Nf7 $14 {[%emt 0:00:46]} 33. Rc2 {[%emt 0:00:17]} Kd7 {[%emt 0:03:48]} 34. Ng5 {[%emt 0:04:10]} Nd8 {[%emt 0:01:03]} 35. h4 {[%emt 0:01:10]} Ne7 {[%emt 0:10:06]} 36. f3 {[%emt 0:01:37]} Ndc6 {[%emt 0:01:17]} 37. Rd2 {[%emt 0:00:21]} Rc8 {[%emt 0:00:17]} 38. Nc2 {[%emt 0:00:25]} Nb4 {[%emt 0:01:40]} 39. Na3 {[%emt 0:00:23]} Rc1 {[%emt 0:02:45]} 40. Nb5 {[%emt 0:00:05]} Ra1 {[%emt 0:00:56]} 41. Nh7 {[%emt 0:31:09]} Rxa4 {[%emt 0:04:12]} 42. Nd6 {[%emt 0:00:00]} Ra3 {[%emt 0:06:53]} 43. Nf8+ {[%emt 0:00:00]} Kc6 {[%emt 0:00:07]} 44. Nxe6 {[%emt 0:00:00]} a4 {[%emt 0:01:30]} 45. Rd1 {[%emt 0:00:00]} Rc3 {[%emt 0:02:27]} 46. Ra1 {[%emt 0:00:00]} a3 {[%emt 0:01:48]} 47. Nd8+ {[%emt 0:00:00]} Kd7 {[%emt 0:00:06]} 48. Nb5 {[%emt 0:00:00]} Rd3 {[%emt 0:05:03]} 49. Nxa3 {[%emt 0:00:00]} Rxd4+ {[%emt 0:03:07]} 50. Kg5 {[%emt 0:00:00]} Kxd8 {[%emt 0:00:05]} 51. Nb5 {[%emt 0:00:00]} Rc4 {[%emt 0:01:29]} 52. Ra7 {[%emt 0:00:00]} Nbc6 {[%emt 0:03:46]} 53. Ra8+ {[%emt 0:00:00]} Kd7 {[%emt 0:00:04]} 54. f4 {[%emt 0:00:00]} Rb4 {[%emt 0:03:57]} 55. Nd6 {[%emt 0:00:00]} Nd4 {[%emt 0:00:07]} 0-1